Vietnam Airlines fleet - Statistics

General Stats
  • This quiz has been taken 26 times
  • The average score is 5 of 7
Answer Stats
Hint Answer % Correct
Airbus A321neo
95%
Airbus A350-900
95%
Airbus A320neo
86%
Boeing 787-9
82%
Airbus A321-200
82%
Boeing 787-10
77%
Airbus A321-200P2F
14%
No matching quizzes found
Score Distribution
Percent of People with Each Score
Percentile by Number Answered
Your Score History
You have not taken this quiz